[Event "296th YMCA Winter A"]
[Site "Warsaw"]
[Date "2025.01.29"]
[Round "4"]
[White "Rozycki, Bartlomiej"]
[Black "Mazurek, Jerzy"]
[Result "1/2-1/2"]
[WhiteElo "2130"]
[BlackElo "1891"]
[PlyCount "125"]
[EventDate "2025.01.10"]
[EventType "tourn"]
[EventRounds "1"]
[EventCountry "POL"]
[SourceDate "2025.01.10"]

1. e4 e5 2. Nf3 Nc6 3. d4 exd4 4. Nxd4 Nf6 5. Nxc6 bxc6 6. Bd3 d5 7. exd5 cxd5
8. O-O Be7 9. c4 d4 10. Nd2 O-O 11. Ne4 Bb7 12. Nxf6+ Bxf6 13. b4 g6 14. Bf4 c5
15. b5 Qd7 16. a4 Rfe8 17. Re1 Rxe1+ 18. Qxe1 Re8 19. Qd2 Be5 20. a5 Qg4 21.
Bg3 Bxg3 22. hxg3 a6 23. Re1 Re6 24. b6 h5 25. Rxe6 Qxe6 26. Qe2 Qc6 27. Qf3
Kf8 28. Qxc6 Bxc6 29. Be2 Ke7 30. g4 hxg4 31. Bxg4 Bb7 32. Be2 Kd6 33. Bd3 Ke5
34. Kh2 g5 35. g4 f6 36. Kg3 Kd6 37. Bf5 Ke5 38. Bg6 Kd6 39. f3 Ke5 40. Kf2 Kd6
41. Bf5 Ke5 42. Ke2 Kd6 43. Kd2 Ke5 44. Ke1 Kd6 45. Kf2 Ke5 46. Kg3 Kd6 47. f4
Ke7 48. Bg6 Kd6 49. Bf7 Ke7 50. Bg8 Kd6 51. f5 Ke5 52. Kf2 Kd6 53. Ke2 Ke7 54.
Kd3 Kd6 55. Be6 Ke5 56. Bd5 Bxd5 57. cxd5 Kd6 58. Kc4 Kd7 59. Kxc5 d3 60. d6 d2
61. b7 d1=Q 62. b8=Q Qg1+ 63. Kd5 $11 1/2-1/2

[Event "296th YMCA Winter A"]
[Site "Warsaw"]
[Date "2025.02.07"]
[Round "5"]
[White "Mazurek, Jerzy"]
[Black "Flis, Piotr"]
[Result "1/2-1/2"]
[WhiteElo "1891"]
[BlackElo "1993"]
[PlyCount "111"]
[EventDate "2025.01.10"]
[EventType "tourn"]
[EventRounds "1"]
[EventCountry "POL"]
[SourceDate "2025.01.10"]

1. d4 d6 2. e4 Nf6 3. Nc3 e5 4. Nf3 exd4 5. Nxd4 Be7 6. Be2 O-O 7. O-O Re8 8.
Re1 c5 9. Nf5 Bxf5 10. exf5 Nc6 11. Bf3 Qd7 12. Nd5 Nxd5 13. Qxd5 Nb4 14. Qxb7
Qxb7 15. Bxb7 Rab8 16. Be4 Bf6 17. Bf4 Bxb2 18. Rab1 Bc3 19. Re2 Nxa2 20. Rxb8
Rxb8 21. g4 Be5 22. Bd2 Kf8 23. Re1 Bc3 24. Bf4 Rb6 25. Re3 Bd4 26. Ra3 Nc3 27.
Bd3 c4 28. Bxc4 d5 29. Bd3 Rb1+ 30. Kg2 Ke7 31. Be3 Bxe3 32. fxe3 Nd1 33. Rxa7+
Kf6 34. Kf3 Nc3 35. Kg2 Re1 36. Kf2 Rh1 37. Kg2 Re1 38. h4 h6 39. Kf2 Rh1 40.
g5+ hxg5 41. hxg5+ Kxg5 42. Rxf7 Ne4+ 43. Bxe4 dxe4 44. Rxg7+ Kxf5 45. Rc7 Kg4
46. Kg2 Rc1 47. Rc4 Kf5 48. Kg3 Rf1 49. Rc5+ Ke6 50. Kg4 Rf3 51. Rc3 Kd5 52.
Ra3 Kc4 53. Ra4+ Kd5 54. Ra3 Kc4 55. Ra4+ Kd5 56. Ra3 1/2-1/2

[Event "296th YMCA Winter A"]
[Site "Warsaw"]
[Date "2025.02.18"]
[Round "5"]
[White "Lewandrowski, Tomasz"]
[Black "Rozycki, Bartlomiej"]
[Result "1/2-1/2"]
[WhiteElo "1972"]
[BlackElo "2130"]
[PlyCount "48"]
[EventDate "2025.01.10"]
[EventType "tourn"]
[EventRounds "1"]
[EventCountry "POL"]
[SourceDate "2025.01.10"]

1. d4 Nf6 2. Nc3 d5 3. Bf4 e6 4. Nb5 Na6 5. e3 c6 6. Nc3 b6 7. Nf3 Bb7 8. Ne5
Rc8 9. a3 Bd6 10. Bd3 Nb8 11. g4 Qe7 12. Bg3 a6 13. f4 c5 14. Qf3 c4 15. Be2 b5
16. g5 Ne4 17. Nxe4 dxe4 18. Qg2 c3 19. b4 Bxe5 20. fxe5 Qxg5 21. Qf2 Qf5 22.
Qg2 Qg5 23. Qf2 Qf5 24. Qg2 Qg5 $11 1/2-1/2

[Event "296th YMCA Winter A"]
[Site "Warsaw"]
[Date "2025.02.07"]
[Round "5"]
[White "Bobinski, Lukasz"]
[Black "Pettersson, Alexander"]
[Result "1-0"]
[WhiteElo "1922"]
[BlackElo "1841"]
[PlyCount "79"]
[EventDate "2025.01.10"]
[EventType "tourn"]
[EventRounds "1"]
[EventCountry "POL"]
[SourceDate "2025.01.10"]

1. c4 e6 2. Nf3 d5 3. e3 Nf6 4. b3 Bd6 5. Bb2 O-O 6. Nc3 a6 7. Be2 b6 8. cxd5
exd5 9. O-O Re8 10. Rc1 Bb7 11. d4 Nbd7 12. Qc2 Rc8 13. Rfd1 Qe7 14. Qb1 Ne4
15. Nxe4 dxe4 16. Nd2 Qh4 17. g3 Qh3 18. Bf1 Qh5 19. Nc4 Re6 20. Ne5 Rh6 21. h3
Bxe5 22. dxe5 Nc5 23. Rxc5 bxc5 24. Qc2 c4 25. bxc4 Bc6 26. Rd4 Re6 27. c5 Rxe5
28. Qc3 Qg5 29. Bxa6 Ra8 30. h4 Qe7 31. Bc4 Re8 $11 32. a4 Kh8 33. a5 Qxc5 34.
Ba3 Qxa5 35. Bb4 Qa8 36. Bxf7 R8e7 37. Bxe7 Rxe7 38. Qxc6 Qa1+ 39. Kg2 g6 40.
Qf6# 1-0

[Event "296th YMCA Winter A"]
[Site "Warsaw"]
[Date "2025.02.05"]
[Round "5"]
[White "Celinski, Kamil"]
[Black "Kasperkiewicz, Pawel"]
[Result "0-1"]
[WhiteElo "1997"]
[BlackElo "1871"]
[PlyCount "162"]
[EventDate "2025.01.10"]
[EventType "tourn"]
[EventRounds "1"]
[EventCountry "POL"]
[SourceDate "2025.01.10"]

1. c4 b6 2. d4 e6 3. a3 Nf6 4. Nc3 Bb7 5. d5 Be7 6. e4 d6 7. Nf3 e5 8. Bd3 O-O
9. O-O a5 10. Ng5 Ne8 11. Nh3 Bc8 12. f4 Bxh3 13. gxh3 exf4 14. Bxf4 Bg5 15.
Bg3 Nd7 16. Qg4 Bf6 17. Kh1 Ne5 18. Bxe5 Bxe5 19. Rg1 g6 20. Rac1 Nf6 21. Qg2
Nd7 22. Nb5 Bg7 23. b3 Ne5 24. Be2 Kh8 25. Rcd1 Bh6 26. Bg4 Qe7 27. Rgf1 Rae8
28. Be2 Kg7 29. Nd4 Kh8 30. Nb5 Kg7 31. b4 Ra8 32. Ra1 Kh8 33. Nd4 Bg7 34. Rg1
Ra7 35. Nb5 Raa8 36. Nd4 Bh6 37. Bf1 axb4 38. a4 Qf6 39. Be2 Nd7 40. Nb5 Qd8
41. Rgb1 $11 Bg7 42. Ra2 Nc5 43. Rxb4 Re8 44. Bf3 f5 45. Rb1 fxe4 46. Bd1 Qe7
47. Re2 Rf8 48. Bc2 Qd7 49. Bxe4 Rxa4 50. Bf3 Rxc4 51. Bg4 Qxb5 52. Rxb5 Rc1+
53. Qg1 Rxg1+ 54. Kxg1 Bd4+ 55. Kg2 Nd3 56. Rd2 Nf4+ 57. Kg3 Be5 58. Bf3 Nxd5+
59. Kg2 Ne3+ 60. Kf2 Nf5 61. Rb3 Nd4 62. Rbd3 c5 63. Kg2 b5 64. Bd5 Rb8 65. Ra2
c4 66. Rda3 Kg7 67. h4 Kf6 68. Ra7 Bf4 69. Rc7 Ke5 70. Bf7 Ke4 71. Rb2 Kd3 72.
Bxc4+ bxc4 73. Rxb8 d5 74. Rbc8 Bxc7 75. Rxc7 c3 76. Kf2 c2 77. Ke1 Nf3+ 78.
Kf2 Nxh4 79. Kg3 Nf5+ 80. Kf4 Kd2 81. Ke5 d4 0-1

[Event "296th YMCA Winter A"]
[Site "Warsaw"]
[Date "2025.02.06"]
[Round "5"]
[White "Urych, Krzysztof"]
[Black "Sternik, Piotr"]
[Result "1/2-1/2"]
[WhiteElo "1954"]
[BlackElo "1876"]
[PlyCount "27"]
[EventDate "2025.01.10"]
[EventType "tourn"]
[EventRounds "1"]
[EventCountry "POL"]
[SourceDate "2025.01.10"]

1. e4 e5 2. Nf3 Nf6 3. Nc3 Bb4 4. Nxe5 Qe7 5. Nd3 Bxc3 6. dxc3 Qxe4+ 7. Be2 O-O
8. O-O d6 9. Bf4 Nc6 10. Bf3 Qg6 11. Re1 Bg4 12. Bxg4 Nxg4 13. h3 Nf6 14. Qf3
$11 1/2-1/2

[Event "296th YMCA Winter A"]
[Site "Warsaw"]
[Date "2025.02.07"]
[Round "5"]
[White "Choroszej, Aleksander"]
[Black "Szwaj, Jacek"]
[Result "1/2-1/2"]
[WhiteElo "2022"]
[BlackElo "1924"]
[PlyCount "95"]
[EventDate "2025.01.10"]
[EventType "tourn"]
[EventRounds "1"]
[EventCountry "POL"]
[SourceDate "2025.01.10"]

1. d4 Nf6 2. c4 e6 3. Nc3 d5 4. Nf3 dxc4 5. e3 c5 6. Bxc4 a6 7. a4 Nc6 8. O-O
Be7 9. dxc5 O-O 10. Qe2 Bxc5 11. h3 Qc7 12. Rd1 Ne5 13. Nxe5 Qxe5 14. Kh1 Ne4
15. Nxe4 Qxe4 16. Bd3 Qh4 17. Qf3 Rb8 18. Qe4 Qxe4 19. Bxe4 b6 20. Bd2 Bb7 21.
Bxb7 Rxb7 22. Bc3 Rc8 23. Rd3 f6 24. Rad1 Rcc7 25. Kg1 a5 26. Kf1 Kf7 27. Ke2
e5 28. e4 Ke6 29. f3 Rd7 30. Rxd7 Rxd7 31. Rxd7 Kxd7 32. Kd3 g6 33. Kc4 Kc6 34.
g4 Be3 35. b4 axb4 36. Bxb4 Bg5 37. Bf8 Bh4 38. Bh6 Bg3 39. Be3 Bh2 40. Bf2 Bf4
41. Bh4 Bg5 42. Bg3 Bc1 43. Be1 Be3 44. Bb4 Bg5 45. Bc3 Bf4 46. Be1 Bc1 47. Bf2
Bf4 48. Be1 $11 1/2-1/2

[Event "296th YMCA Winter A"]
[Site "Warsaw"]
[Date "2025.02.14"]
[Round "6"]
[White "Flis, Piotr"]
[Black "Szwaj, Jacek"]
[Result "1-0"]
[WhiteElo "1993"]
[BlackElo "1924"]
[PlyCount "85"]
[EventDate "2025.01.10"]
[EventType "tourn"]
[EventRounds "1"]
[EventCountry "POL"]
[SourceDate "2025.01.10"]

1. Nf3 d5 2. e3 Nf6 3. c4 e6 4. Nc3 Bd6 5. b3 Nbd7 6. Bb2 c6 7. d4 O-O 8. Be2
Re8 9. O-O a5 10. Qc2 e5 11. dxe5 Nxe5 12. cxd5 Nxd5 13. Nxd5 cxd5 14. Rfd1 Nc6
15. Qc3 Bf8 16. Nd4 Bb4 17. Qc2 Bd7 18. Nf5 Bf8 19. Bd3 Bxf5 20. Bxf5 Qh4 21.
Bd7 Red8 22. g3 Qh6 23. Bg4 Qg5 24. Qe2 a4 25. Bf3 axb3 26. axb3 Rxa1 27. Bxa1
Nb4 28. h4 Qe7 29. h5 h6 30. Bd4 Qc7 31. Qb2 Qc2 32. Rc1 Qf5 33. Qe2 Rc8 $11
34. Rxc8 Qxc8 35. Bb2 Qd7 36. Bg4 Qc6 37. Bf5 Be7 38. Bb1 Bf6 39. Ba3 Qc3 40.
Qd1 d4 $11 41. Bxb4 Qxb4 42. Qc2 dxe3 43. Qc8+ 1-0

[Event "296th YMCA Winter A"]
[Site "Warsaw"]
[Date "2025.02.13"]
[Round "6"]
[White "Sternik, Piotr"]
[Black "Choroszej, Aleksander"]
[Result "0-1"]
[WhiteElo "1876"]
[BlackElo "2022"]
[PlyCount "72"]
[EventDate "2025.01.10"]
[EventType "tourn"]
[EventRounds "1"]
[EventCountry "POL"]
[SourceDate "2025.01.10"]

1. e4 g6 2. d4 Bg7 3. Nc3 d6 4. f3 a6 5. Be3 b5 6. Qd2 Nd7 7. h4 h6 8. Nge2 Bb7
9. Nf4 c5 10. dxc5 Nxc5 11. Be2 Rc8 12. h5 g5 13. Nh3 Nf6 14. Nf2 O-O 15. Bxg5
Nfxe4 16. fxe4 hxg5 17. Qxg5 Kh8 18. Rh3 e6 19. Qe3 b4 20. Ncd1 f5 21. exf5
exf5 22. Kf1 Ne4 23. Bd3 Qe7 24. Rc1 f4 25. Qb6 Ng3+ 26. Kg1 Rc5 27. Qxb4 Re5
28. Kh2 Rxh5 29. Rxh5+ Nxh5 30. Nh3 Be5 31. Ndf2 Rg8 32. Be4 f3+ 33. Kg1 Rxg2+
34. Kf1 Bxe4 35. Nxe4 Qh4 36. Qb8+ Rg8 0-1

[Event "296th YMCA Winter A"]
[Site "Warsaw"]
[Date "2025.02.14"]
[Round "6"]
[White "Kasperkiewicz, Pawel"]
[Black "Urych, Krzysztof"]
[Result "0-1"]
[WhiteElo "1871"]
[BlackElo "1954"]
[PlyCount "70"]
[EventDate "2025.01.10"]
[EventType "tourn"]
[EventRounds "1"]
[EventCountry "POL"]
[SourceDate "2025.01.10"]

1. e4 g6 2. d4 Bg7 3. Nf3 d6 4. Bd3 Nc6 5. c3 Nf6 6. O-O O-O 7. Bg5 h6 8. Bh4
e5 9. dxe5 Nxe5 10. Nxe5 dxe5 11. Qe2 Be6 12. Rd1 c6 13. Na3 Qc7 14. Bc4 Bxc4
15. Nxc4 b5 16. Nd2 Nd7 17. f3 Nc5 18. Nb3 Ne6 19. Rd2 g5 20. Bf2 Rfd8 21. Rad1
Bf8 22. Rxd8 Rxd8 23. Rxd8 Qxd8 24. Qd2 Qxd2 25. Nxd2 a5 26. a4 Nf4 27. Nb3
bxa4 28. Nxa5 Nd3 29. Kf1 Nxb2 30. Ke2 a3 31. Nb3 a2 32. Kd2 Ba3 33. Na1 Na4
34. Kc2 Bb2 35. Nb3 Bxc3 0-1

[Event "296th YMCA Winter A"]
[Site "Warsaw"]
[Date "2025.02.12"]
[Round "6"]
[White "Pettersson, Alexander"]
[Black "Celinski, Kamil"]
[Result "1-0"]
[WhiteElo "1841"]
[BlackElo "1997"]
[PlyCount "135"]
[EventDate "2025.01.10"]
[EventType "tourn"]
[EventRounds "1"]
[EventCountry "POL"]
[SourceDate "2025.01.10"]

1. d4 Nf6 2. Nf3 c5 3. d5 b5 4. c3 b4 5. a3 Bb7 6. axb4 cxb4 7. c4 e6 8. dxe6
fxe6 9. e3 Be7 10. Be2 O-O 11. O-O Qc7 12. Nbd2 Ng4 13. h3 Bxf3 14. Nxf3 Rxf3
15. hxg4 Rf7 16. b3 Bf6 17. Ra4 Nc6 18. Bf3 Rb8 19. Bxc6 dxc6 20. Qc2 Rd7 21.
Bb2 Bxb2 22. Qxb2 c5 23. Ra6 Rb6 24. Rxb6 Qxb6 25. Qe5 Rd3 26. Qe4 Rd2 27. Ra1
h6 28. Qa8+ Rd8 29. Qxa7 Rd1+ 30. Kh2 Qd8 31. Kh3 Rxa1 32. Qxa1 Qd3 33. Qe5
Qxb3 34. Qxe6+ Kh8 35. Qc8+ Kh7 36. Qf5+ Kg8 37. Qc8+ Kh7 38. Qxc5 Qc3 39. Qf5+
g6 40. Qd7+ Qg7 41. Qb5 Qc3 42. c5 b3 43. Qd7+ Kg8 44. c6 b2 45. c7 b1=Q 46.
c8=Q+ Qxc8 47. Qxc8+ Kf7 48. Qd7+ Kf6 49. Qd4+ Kf7 50. Qh8 g5 51. Kg3 Kg6 52.
Qg8+ Kf6 53. Qf8+ Kg6 54. Qf5+ Qxf5 55. gxf5+ Kxf5 56. f3 h5 57. Kh3 Ke5 58. g4
h4 59. Kg2 Kf6 60. f4 Kg6 61. Kh3 Kf6 62. fxg5+ Kxg5 63. e4 Kf4 64. Kxh4 Kxe4
65. Kh5 Ke5 66. Kh6 Kf6 67. g5+ Kf7 68. Kh7 1-0

[Event "296th YMCA Winter A"]
[Site "Warsaw"]
[Date "2025.02.12"]
[Round "6"]
[White "Rozycki, Bartlomiej"]
[Black "Bobinski, Lukasz"]
[Result "1/2-1/2"]
[WhiteElo "2130"]
[BlackElo "1922"]
[PlyCount "85"]
[EventDate "2025.01.10"]
[EventType "tourn"]
[EventRounds "1"]
[EventCountry "POL"]
[SourceDate "2025.01.10"]

1. e4 e5 2. Nf3 Nc6 3. Bc4 Bc5 4. d3 Nf6 5. c3 d6 6. a4 a5 7. Be3 O-O 8. Bxc5
dxc5 9. O-O h6 10. Nbd2 Qd6 11. Nh4 Ne7 12. Qf3 Bg4 13. Qe3 Nh5 14. g3 Bh3 15.
Rfe1 g5 16. Nf5 Nxf5 17. exf5 Bxf5 18. Qxe5 Bg6 19. Qxd6 cxd6 20. Re7 Rab8 21.
Rae1 Nf6 22. f3 Rfe8 23. Kf2 Kf8 24. Rxe8+ Rxe8 25. Rxe8+ Kxe8 26. Bb5+ Ke7 27.
Nc4 Bxd3 28. Nxa5 Bxb5 29. axb5 b6 30. Nc4 Nd7 31. Ne3 Ke6 32. g4 d5 33. Nf5
Ne5 34. b3 f6 35. Ke3 Nf7 36. f4 Nd6 37. Nxd6 $11 Kxd6 38. c4 d4+ 39. Ke4 gxf4
40. Kxf4 Ke6 41. Ke4 Kd6 $11 42. b4 Ke6 43. bxc5 $11 1/2-1/2

[Event "296th YMCA Winter A"]
[Site "Warsaw"]
[Date "2025.02.14"]
[Round "6"]
[White "Mazurek, Jerzy"]
[Black "Lewandrowski, Tomasz"]
[Result "0-1"]
[WhiteElo "1891"]
[BlackElo "1972"]
[PlyCount "172"]
[EventDate "2025.01.10"]
[EventType "tourn"]
[EventRounds "1"]
[EventCountry "POL"]
[SourceDate "2025.01.10"]

1. e4 c5 2. Nf3 Nc6 3. d4 cxd4 4. Nxd4 e5 5. Nb5 d6 6. Nd2 a6 7. Nc3 Nf6 8. Nc4
b5 9. Ne3 Be7 10. Bd3 Nb4 11. Be2 O-O 12. a3 Nc6 13. O-O Be6 14. Ned5 Nd4 15.
Nxe7+ Qxe7 16. Bd3 h6 17. Ne2 Nxe2+ 18. Qxe2 d5 19. exd5 Bxd5 20. Bd2 Rfe8 21.
Qe3 Bb7 22. Rfe1 Qc7 23. Qg3 Kh8 24. Rad1 Qc6 25. Bc3 Nh5 26. Qg4 Nf6 27. Qg3
e4 28. Be2 Re6 29. f3 Qc5+ 30. Bd4 Qxc2 31. fxe4 Bxe4 32. Bf3 Bxf3 33. Qxf3
Rae8 34. Rf1 Kg8 35. h3 Qg6 36. Bxf6 Rxf6 37. Qd3 Rxf1+ 38. Kxf1 Qf6+ 39. Qf3
Qxb2 40. Kg1 Qe5 41. Rd7 Qe3+ 42. Qf2 Qe6 43. Rb7 Qe1+ 44. Qf1 Qxf1+ 45. Kxf1
Re3 46. a4 bxa4 47. Rb4 Ra3 48. Rb6 Ra1+ 49. Kf2 a3 50. Rxa6 g6 51. Kg3 Kg7 52.
Kh2 h5 53. Kg3 Kh6 54. h4 Kg7 55. Kh2 Kf8 56. Ra7 Kg7 57. Ra6 Kh6 58. Kg3 f5
59. Ra7 a2 60. Kh2 f4 61. Ra8 Kg7 62. Ra4 Kg8 63. Ra3 Kf7 64. Ra6 Ke7 65. Ra5
Ke6 66. Ra4 Kf5 67. Ra5+ Kg4 68. Ra4 Kf5 69. Ra6 Ke4 70. Ra3 Kf5 71. Ra6 Kg4
72. Rxg6+ Kxh4 73. Ra6 Kg4 74. Ra4 Kf5 75. Ra3 Ke4 76. Ra4+ Ke3 77. Ra3+ Ke2
78. Ra4 h4 79. Ra3 h3 80. gxh3 f3 81. Ra8 f2 82. Re8+ Kd3 83. Rd8+ Ke4 84. Re8+
Kd5 85. Rd8+ Ke6 86. Re8+ Kd7 0-1

[Event "296th YMCA Winter A"]
[Site "Warsaw"]
[Date "2025.02.21"]
[Round "7"]
[White "Lewandrowski, Tomasz"]
[Black "Flis, Piotr"]
[Result "1-0"]
[WhiteElo "1972"]
[BlackElo "1993"]
[PlyCount "97"]
[EventDate "2025.01.10"]
[EventType "tourn"]
[EventRounds "1"]
[EventCountry "POL"]
[SourceDate "2025.01.10"]

1. c4 e6 2. Nf3 d5 3. cxd5 exd5 4. g3 Nf6 5. Bg2 c6 6. O-O Be7 7. d3 O-O 8.
Nbd2 Re8 9. Rb1 a5 10. b3 Bf8 11. Bb2 Bf5 12. Nh4 Bg4 13. Re1 Qe7 14. Bf1 Qe6
15. Ng2 Nh5 16. Qc2 Na6 17. a3 Bc5 18. e4 Qd6 19. e5 Qd7 20. d4 Bf8 21. Ne3 g6
22. Nxg4 Qxg4 23. Be2 Qh3 24. Qd1 Ng7 25. Bg4 Qh6 26. Bc1 g5 27. h4 f5 $11 28.
hxg5 Qg6 29. Be2 Ne6 30. Bh5 Qg7 31. Bxe8 Rxe8 32. Nf3 Be7 33. Kg2 Rf8 34. Rh1
Nac7 35. Rh4 Nb5 36. Qd3 Nbc7 37. Bd2 Nxg5 38. Nxg5 Bxg5 39. Bxg5 Qxg5 40. Rbh1
Ne6 41. f4 Qg6 42. Kf2 Qe8 43. Rxh7 Ng7 44. Qc3 b6 45. R7h6 c5 46. Qf3 Qa8 47.
e6 Nxe6 48. Rxe6 Rf7 49. Qh5 1-0

[Event "296th YMCA Winter A"]
[Site "Warsaw"]
[Date "2025.02.21"]
[Round "7"]
[White "Bobinski, Lukasz"]
[Black "Mazurek, Jerzy"]
[Result "1-0"]
[WhiteElo "1922"]
[BlackElo "1891"]
[PlyCount "69"]
[EventDate "2025.01.10"]
[EventType "tourn"]
[EventRounds "1"]
[EventCountry "POL"]
[SourceDate "2025.01.10"]

1. e4 e5 2. Nf3 Nc6 3. Bb5 a6 4. Ba4 Nf6 5. d4 b5 6. Bb3 Nxe4 7. Nxe5 Nxe5 8.
dxe5 Bb7 9. Qh5 Qe7 10. O-O g6 11. Qg4 Bg7 12. Re1 h5 13. Qf3 Nc5 14. Bd5 c6
15. Bg5 Qxg5 16. Qxf7+ Kd8 17. Qxg7 Kc7 18. Bf7 Qe7 19. Qf6 Qxf6 20. exf6 Raf8
21. Re7 g5 22. Nd2 Rh6 23. b4 Rxf6 24. Bxh5 Ne6 25. Ne4 Rh6 26. Rd1 Bc8 27. Bg4
Kd8 28. Rxe6 Rxe6 29. Bxe6 d5 30. Bxc8 Kxc8 31. Nxg5 Rf4 32. c3 Rc4 33. Rd3 d4
34. Ne4 dxc3 35. Nd6+ 1-0

[Event "296th YMCA Winter A"]
[Site "Warsaw"]
[Date "2025.02.19"]
[Round "7"]
[White "Celinski, Kamil"]
[Black "Rozycki, Bartlomiej"]
[Result "1/2-1/2"]
[WhiteElo "1997"]
[BlackElo "2130"]
[PlyCount "48"]
[EventDate "2025.01.10"]
[EventType "tourn"]
[EventRounds "1"]
[EventCountry "POL"]
[SourceDate "2025.01.10"]

1. e4 c5 2. Nf3 e6 3. d4 cxd4 4. Nxd4 a6 5. Nc3 Qc7 6. Bd3 b5 7. a3 Nf6 8. Qe2
d6 9. g4 Bb7 10. g5 Nfd7 11. Bd2 Nb6 12. Nb3 Nc4 13. Bxc4 bxc4 14. Nd4 Nd7 15.
h4 O-O-O 16. h5 Be7 17. O-O-O Qc5 18. Be3 Qc7 19. g6 hxg6 20. hxg6 Rxh1 21.
Rxh1 Bf6 22. gxf7 Bxd4 23. Bxd4 e5 24. Be3 Nf6 $11 1/2-1/2

[Event "296th YMCA Winter A"]
[Site "Warsaw"]
[Date "2025.02.21"]
[Round "7"]
[White "Urych, Krzysztof"]
[Black "Pettersson, Alexander"]
[Result "1-0"]
[WhiteElo "1954"]
[BlackElo "1841"]
[PlyCount "73"]
[EventDate "2025.01.10"]
[EventType "tourn"]
[EventRounds "1"]
[EventCountry "POL"]
[SourceDate "2025.01.10"]

1. e4 c6 2. c4 e5 3. Nf3 d6 4. d4 Nd7 5. Nc3 Ngf6 6. Be2 g6 7. O-O Bg7 8. h3
O-O 9. Be3 Re8 10. dxe5 dxe5 11. Qc2 Bf8 12. a3 a5 13. Rfd1 Qc7 14. Na4 Nh5 15.
c5 Nf4 16. Bc4 Nf6 17. Bxf4 exf4 18. Nb6 Rb8 19. e5 Nd7 20. Bxf7+ Kxf7 21. e6+
Rxe6 22. Ng5+ Kf6 23. Nxe6 Kxe6 24. Nxd7 Bxd7 25. Qe4+ Kf7 26. Rxd7+ Qxd7 27.
Qxf4+ Qf5 28. Qxb8 Bxc5 29. Qxb7+ Kg8 30. Qb8+ Kg7 31. Qg3 Bd4 32. Rc1 c5 33.
Qf3 Qe6 34. b4 axb4 35. axb4 c4 36. Qf4 Bb2 37. Qxc4 1-0

[Event "296th YMCA Winter A"]
[Site "Warsaw"]
[Date "2025.02.21"]
[Round "7"]
[White "Choroszej, Aleksander"]
[Black "Kasperkiewicz, Pawel"]
[Result "0-1"]
[WhiteElo "2022"]
[BlackElo "1871"]
[PlyCount "68"]
[EventDate "2025.01.10"]
[EventRounds "1"]
[EventCountry "POL"]
[SourceDate "2025.01.10"]

1. d4 e6 2. c4 f5 3. g3 Nf6 4. Bg2 Bb4+ 5. Bd2 Bxd2+ 6. Nxd2 O-O 7. Ngf3 d6 8.
O-O Nc6 9. a3 e5 10. d5 Ne7 11. e4 h6 12. exf5 Bxf5 13. Qe2 Qd7 14. Nh4 Bh3 15.
f4 exf4 16. gxf4 Bxg2 17. Qxg2 Nf5 18. Nxf5 Qxf5 19. Kh1 Qg4 20. Rae1 Rae8 21.
Qxg4 Nxg4 22. Ne4 Rf7 23. h3 Rfe7 24. hxg4 Rxe4 25. Rxe4 Rxe4 26. b3 Re3 27.
Rb1 Rg3 28. g5 hxg5 29. fxg5 Rxg5 30. b4 Kf7 31. a4 Kf6 32. a5 Rg4 33. c5 b5
34. axb6 axb6 0-1

[Event "296th YMCA Winter A"]
[Site "Warsaw"]
[Date "2025.02.20"]
[Round "7"]
[White "Szwaj, Jacek"]
[Black "Sternik, Piotr"]
[Result "1/2-1/2"]
[WhiteElo "1924"]
[BlackElo "1876"]
[PlyCount "48"]
[EventDate "2025.01.10"]
[EventType "tourn"]
[EventRounds "1"]
[EventCountry "POL"]
[SourceDate "2025.01.10"]

1. e4 e5 2. Nf3 Nf6 3. Nxe5 d6 4. Nf3 Nxe4 5. c4 Be7 6. d4 d5 7. Bd3 O-O 8. O-O
c6 9. Nc3 Nxc3 10. bxc3 Be6 11. c5 Nd7 12. Qc2 h6 13. Re1 b6 14. cxb6 axb6 15.
Bf4 c5 16. Ne5 Nxe5 17. Bxe5 Bf6 18. Bh7+ Kh8 19. Bf5 Bxe5 20. Rxe5 cxd4 $11
21. cxd4 Qd7 22. Bxe6 fxe6 23. Qb3 b5 24. Rae1 Rf6 $11 1/2-1/2

[Event "296th YMCA Winter A"]
[Site "Warsaw"]
[Date "2025.02.27"]
[Round "8"]
[White "Flis, Piotr"]
[Black "Sternik, Piotr"]
[Result "1/2-1/2"]
[WhiteElo "1993"]
[BlackElo "1876"]
[PlyCount "37"]
[EventDate "2025.01.10"]
[EventType "tourn"]
[EventRounds "1"]
[EventCountry "POL"]
[SourceDate "2025.01.10"]

1. c4 Nf6 2. Nf3 e6 3. Nc3 d5 4. d4 Be7 5. Bg5 O-O 6. e3 c6 7. Rc1 Nbd7 8. Bd3
h6 9. Bh4 dxc4 10. Bxc4 c5 11. O-O cxd4 12. exd4 a6 13. Re1 b5 14. Bd3 Bb7 $11
15. Bb1 Rc8 16. a3 Re8 17. Qd3 Nf8 18. Ne5 Nd5 19. Bg3 $11 1/2-1/2

[Event "296th YMCA Winter A"]
[Site "Warsaw"]
[Date "2025.02.28"]
[Round "8"]
[White "Kasperkiewicz, Pawel"]
[Black "Szwaj, Jacek"]
[Result "1/2-1/2"]
[WhiteElo "1871"]
[BlackElo "1924"]
[PlyCount "102"]
[EventDate "2025.01.10"]
[EventType "tourn"]
[EventRounds "1"]
[EventCountry "POL"]
[SourceDate "2025.01.10"]

1. e4 c5 2. Nf3 d6 3. Bb5+ Nd7 4. c3 a6 5. Ba4 Ngf6 6. Qe2 Qc7 7. O-O e5 8. d4
Be7 9. dxe5 dxe5 10. c4 O-O 11. Nc3 Nb6 12. Bc2 Bg4 13. b3 Rfe8 14. h3 Bh5 15.
Bb2 Nfd7 16. a4 Bxf3 17. Qxf3 Nf8 18. a5 Nbd7 19. Nd5 Qc6 20. Rfd1 Ne6 21. b4
Nd4 22. Bxd4 exd4 23. Ba4 Qd6 24. Bxd7 Qxd7 25. Nb6 Qc7 26. Nxa8 Rxa8 27. bxc5
Bxc5 28. Rab1 b6 29. axb6 Bxb6 30. Qb3 Bc5 31. Qb7 Qd8 32. Qc6 Qf8 33. Ra1 a5
34. Rdb1 Rc8 35. Qb5 Bb4 36. Rd1 h6 37. Rab1 Bc3 38. Rd3 Rc5 39. Qa6 Qc8 40.
Qd6 Bb4 41. Qxd4 Rxc4 42. Qd8+ Kh7 43. Qxc8 Rxc8 44. Rd7 Kg6 45. Rb7 Rc4 46. f3
Bc5+ 47. Kf1 a4 48. R1b6+ Bxb6 49. Rxb6+ f6 50. Ra6 h5 51. h4 Kf7 $11 1/2-1/2

[Event "296th YMCA Winter A"]
[Site "Warsaw"]
[Date "2025.02.28"]
[Round "8"]
[White "Pettersson, Alexander"]
[Black "Choroszej, Aleksander"]
[Result "0-1"]
[WhiteElo "1841"]
[BlackElo "2022"]
[PlyCount "106"]
[EventDate "2025.01.10"]
[EventType "tourn"]
[EventRounds "1"]
[EventCountry "POL"]
[SourceDate "2025.01.10"]

1. d4 g6 2. c4 Bg7 3. Nc3 Nf6 4. e4 d6 5. Bd3 O-O 6. Nge2 Nc6 7. O-O Nd7 8. Bc2
e5 9. d5 Nd4 10. Be3 Nxe2+ 11. Qxe2 f5 12. exf5 gxf5 13. f3 Nf6 14. c5 Kh8 15.
cxd6 cxd6 16. Rac1 Rg8 17. Kh1 Bf8 18. Bb3 f4 19. Bf2 Nh5 20. Ne4 Bf5 21. Bc2
Rg7 22. Qe1 Qe8 23. Bh4 Qg6 24. Qf2 Be7 25. Bxe7 Rxe7 26. Nc3 Ng3+ 27. Kg1 Nxf1
28. Bxf5 Qxf5 29. Rxf1 Rg7 30. Kh1 Rag8 31. Rg1 Rg6 32. Ne4 Rh6 33. Rc1 Qf7 34.
Qd2 Rhg6 35. Rg1 Qc7 36. Qf2 b6 37. Qe2 b5 38. b3 a6 39. h3 Rc8 40. Qe1 Qd8 41.
Qd2 Qb6 42. Rc1 Rxc1+ 43. Qxc1 Qd8 44. Qc6 Qg8 45. Qc2 Qxd5 46. Qc7 Qe6 47.
Qd8+ Rg8 48. Qb6 Qg6 49. Qf2 d5 50. Nc3 Qc6 51. Qh4 b4 52. Ne2 Qg6 53. Qf2 d4
0-1

[Event "296th YMCA Winter A"]
[Site "Warsaw"]
[Date "2025.02.11"]
[Round "8"]
[White "Rozycki, Bartlomiej"]
[Black "Urych, Krzysztof"]
[Result "1-0"]
[WhiteElo "2130"]
[BlackElo "1954"]
[PlyCount "111"]
[EventDate "2025.01.10"]
[EventType "tourn"]
[EventRounds "1"]
[EventCountry "POL"]
[SourceDate "2025.01.10"]

1. e4 e5 2. Nf3 Nc6 3. d4 exd4 4. Nxd4 Bc5 5. Nb3 Bb6 6. Nc3 Nf6 7. Qe2 O-O 8.
Bg5 h6 9. Bh4 a5 10. a4 Nd4 11. Qd3 Nxb3 12. cxb3 c6 13. O-O-O d5 14. exd5 cxd5
15. Nxd5 g5 16. Bg3 Be6 17. Nxb6 Qxb6 18. Qb5 Rac8+ 19. Kb1 Rfd8 20. Bc4 Rxd1+
21. Rxd1 Qxb5 22. axb5 Bxc4 23. bxc4 Rxc4 24. b6 Rb4 25. Bc7 Ne4 26. Rd8+ Kh7
27. Rb8 Nc3+ 28. Kc1 Na4 29. Rxb7 Nxb2 30. Ra7 Nd3+ 31. Kc2 Nc5 32. Rxa5 Nb7
33. Ra7 Nc5 34. Kc3 Rb1 35. Kc4 Ne6 36. Kd5 Kg6 37. Kd6 Kf6 38. Kd7 Rd1+ 39.
Kc8 Rc1 40. Ra2 Ke7 41. Re2 f5 42. Rxe6+ Kxe6 43. b7 Rb1 44. b8=Q Rxb8+ 45.
Bxb8 f4 46. Kc7 h5 47. Kc6 h4 48. h3 Kf5 49. f3 Ke6 50. Kc5 Kf5 51. Kd5 Kf6 52.
Ke4 Kg6 53. Be5 Kh5 54. Kf5 Kh6 55. Bf6 Kh5 56. Bg7 1-0